Statistics for Types of Guard

Click here to take the quiz!

General Stats

  • This quiz has been taken 77 times
  • The average score is 14 of 22

Answer Stats

ClueType of Guard% Correct
Canine that protects propertyguard dog
93%
Rescues people from drowninglifeguard
91%
Protects a person from assaultbodyguard
89%
Heavenly being that watches over an individualguardian angel
87%
Protects the teeth in contact sportsmouth guard
86%
Supervises inmates in jailprison guard
83%
Rescues people offshorecoast guard
76%
Opening cry in fencing duelen garde!
76%
Star-Lord, Gamora, Drax, Rocket and GrootGuardians of
the Galaxy
69%
U.S. military reservesNational Guard
67%
Protects a king or queenroyal guard
64%
Playmaker position in basketballpoint guard
61%
Insect that protects a hive entranceguard bee
59%
Protects the popeSwiss Guard
59%
Protects a nation's perimeterborder guard
57%
Stops traffic for pedestrians (US)crossing guard
57%
Metal safety fence e.g. at cliff edgeguard rail
54%
Protects property and assetssecurity guard
49%
Flag spinners in marching bandscolor guard
43%
South American camelid that protects livestockguard llama
31%
Scorer and stealer position in basketballshooting guard
27%
Water bird that protects farmsguard goose
26%

Score Distribution

Percentile by Number Answered

Percent of People with Each Score

Your Score History

You have not taken this quiz